|
|
|
|
| LEADER |
01492nam a2200301 a 4500 |
| 001 |
12594486 |
| 008 |
091121s2002 enkab b 001 0 eng d |
| 010 |
|
|
|a \\2001058774
|
| 020 |
|
|
|a 0333921445
|
| 020 |
|
|
|a 0333921453 (pbk.)
|
| 040 |
|
|
|a DLC
|c DLC
|d DLC
|
| 082 |
0 |
0 |
|a 337
|2 21
|
| 100 |
1 |
|
|a Morrison, Janet.
|
| 245 |
1 |
4 |
|a The international business environment :
|b diversity and the global economy /
|c Janet Morrison.
|
| 260 |
|
|
|a Houndmills, Basingstoke, Hampshire ;
|a New York :
|b Palgrave,
|c 2002.
|
| 300 |
|
|
|a xxxiv, 414 p. :
|b ill., maps ;
|c 26 cm.
|
| 504 |
|
|
|a Includes bibliographical references (p. [386]-396) and index.
|
| 541 |
1 |
|
|e 00009118
|
| 650 |
|
0 |
|a International economic relations.
|
| 650 |
|
0 |
|a International business enterprises.
|
| 650 |
|
0 |
|a International trade.
|
| 650 |
|
0 |
|a Globalization
|x Economic aspects.
|
| 650 |
|
0 |
|a Competition, International.
|
| 852 |
4 |
|
|a Ayesha Abed Library
|j General shelf
|
| 999 |
|
|
|c 5666
|d 5666
|
| 952 |
|
|
|0 0
|1 0
|2 ddc
|4 1
|6 337_000000000000000_MOR
|7 0
|9 5584
|a BRACUL
|b BRACUL
|c SPS
|d 2009-11-21
|g 0.00
|l 0
|o 337 MOR
|p 3010009118
|r 2009-11-21
|t 1
|w 2009-11-21
|y BK
|x No price found in the accession register.
|
| 952 |
|
|
|0 0
|1 0
|2 ddc
|4 1
|6 337_000000000000000_MOR_2002
|7 0
|9 5586
|a BRACUL
|b BRACUL
|c SPS
|d 2009-11-21
|g 0.00
|l 0
|o 337 MOR
|p 3010009119
|r 2009-11-21
|t 2
|w 2009-11-21
|y BK
|x No price found in the accession register.
|
| 952 |
|
|
|0 0
|1 0
|2 ddc
|4 0
|6 337_MOR
|7 0
|9 8794
|a BRACUL
|b BRACUL
|c GEN
|d 2010-03-25
|l 1
|m 5
|o 337 MOR
|p 3010008920
|r 2013-05-17
|s 2013-04-13
|t 3
|w 2010-03-25
|y BK
|